000 01315nam a2200349 i 4500
001 181495
003 ES-MaACL
005 20250902225547.0
008 130123s2011 sp a | |||||||| | spa d
020 _a978-84-92937-10-3
080 _a330.146(100)
080 _a330.322(100)
080 _a338.1(100)"1945/89"
080 _a338.1(100)"1989/..."
100 1 _aBenages Candau, Eva.
_9145894
245 1 0 _aPatrones de capitalización y crecimiento (1985-2008) :
_bpanorama internacional /
_cdirigido por Francisco Pérez García ; Eva Benages Candau, Juan Carlos Robledo Domínguez, Marta Solaz Alamá.
250 _a1ª ed.
260 _aBilbao :
_bFundación BBVA ;
_a[Madrid] :
_bBiblioteca Nueva,
_c2011.
300 _a303 p. :
_bgráf. ;
_c24 cm.
504 _aBibliografía: p. 285-287.
650 4 _aCapital.
_910758
650 4 _aInversiones.
_9136312
650 4 _aEconomía mundial-
_y1945-1989.
_9152137
650 4 _aEconomía mundial-
_y1989-2008.
_9168837
700 1 _aRobledo Domínguez, Juan Carlos.
_9152138
700 1 _aSolaz Alamá, Marta.
_9152139
700 1 _aPérez, Francisco,
_d1950-
_9234242
710 2 _aFundación BBVA
_94230
852 _aES-MaACL
_jA-12565
_9188396
_bR.148715
_cDEPO1
_dOlim: N-5568
942 _2udc
_cMONOGRAFIA
999 _c181495
_d181495